Desarrollo industrial, generación de empleo e integración regional [Borrador]

Zapisane w:
Opis bibliograficzny
1. autor: Pfaller, Alfred
Format: Texto
Wydane: s.n.t. :
Etykiety: Dodaj etykietę
Nie ma etykietki, Dołącz pierwszą etykiete!

MARC

LEADER 00000 a a2200000 04500
001 17063
003
040
090 |a 007700  
100 |a Pfaller, Alfred  
245 |a Desarrollo industrial, generación de empleo e integración regional [Borrador]  
260 |a s.n.t. :  
300 |a 13 p.  
999 |c 10882  |d 10882